Sociología rural /
Guardado en:
| Autor Principal: | |
|---|---|
| Formato: | Libro |
| Publicado: |
Buenos Aires :
Salvat,
1959
|
| Materias: | |
| Etiquetas: |
Agregar Etiqueta
Sin Etiquetas, Sea el primero en etiquetar este registro!
|
| LEADER | 00613nam a22002175a 4500 | ||
|---|---|---|---|
| 001 | CEM.cems006555 | ||
| 005 | 20060214000000.0 | ||
| 008 | 130507s1959##################000#0#####d | ||
| 003 | CEMS | ||
| 082 | 0 | 4 | |a 323.354 |
| 100 | 1 | |a Vidart, Daniel | |
| 245 | 1 | 0 | |a Sociología rural / |
| 260 | |a Buenos Aires : |b Salvat, |c 1959 | ||
| 300 | |a 724 p. | ||
| 653 | |a Ciudad y campo | ||
| 653 | |a Comunidades rurales | ||
| 653 | |a Nomadas | ||
| 653 | |a Paisaje rural | ||
| 653 | |a Sociedad | ||
| 859 | |a CEMS |b BIB. CEMS - 11 de abril |h 323.354 |i V672/1 |p 1741.74 |t Ej.2 | ||
| 859 | |a CEMS |b BIB. CEMS - 11 de abril |h 323.354 |i V672/1 |p 597.73 |t Ej.1 | ||
